000 00365nam a2200133Ia 4500
008 240624s9999 xx 000 0 und d
041 _aeng
082 _a338.4 DEA
100 _aDEATON ANGUS
245 _aGREAT ESCAPE HEALTH WEALTH AND THE ORIGINS OF INEQUAL
260 _c2013
_aNew Jersey
_bPrinceton University Press
300 _a360p. ;23cm.
365 _c
_b33
999 _c32649
_d32649